00491nam a22001937a 450000500170000001000130001702000100003003500130004003700160005304000120006908200110008110000200009224500340011226000380014627000530018430000240023765000240026165000120028520170124110103.0 aA-687984 c00.00 aA-687984 bCen Lib/Ret aDPLbEN aNbCON aConrad, Joseph  aLord jim /cby Joseph Conrad  bUBS publishers c1994aNew Delhi  bNew Delhi a5, ansari road, dariya ganj e110002 axi, 316p.c16cm(Hb) aEnglish literature  aNovels